Southville International School and Colleges
Your cart is empty.
  • Cart
  • Lists
    Public lists Eva Luna New books Lux_list list_1
    Your lists Log in to create your own lists
  • Log in to your account
  • Your cookies
  • Search history
Southville International School and Colleges
  • Advanced search
  • Recent comments
  • Most popular
  • Libraries

Log in to your account

Log in with GOOGLE


If you do not have an external account, but do have a local account, you can still log in:

  1. Home
  2. MARC view: Literature of the American West :
Normal view MARC view ISBD view

Literature of the American West : (Record no. 21489)

[ view plain ]
MARC details
000 -LEADER
fixed length control field 00560nam a2200181 a 4500
005 - DATE AND TIME OF LATEST TRANSACTION
control field 20140310183328.0
008 - FIXED-LENGTH DATA ELEMENTS--GENERAL INFORMATION
fixed length control field 060811s19uu xx 00 eng d
020 ## - INTERNATIONAL STANDARD BOOK NUMBER
International Standard Book Number 0205324614
050 ## - LIBRARY OF CONGRESS CALL NUMBER
Classification number PS 561
Item number .L59 2003
100 ## - MAIN ENTRY--PERSONAL NAME
Personal name Lyons, Greg
245 ## - TITLE STATEMENT
Title Literature of the American West :
Remainder of title a cultural approach.
Statement of responsibility, etc Greg Lyons.
260 ## - PUBLICATION, DISTRIBUTION, ETC. (IMPRINT)
Place of publication, distribution, etc New York :
Name of publisher, distributor, etc Longman,
Date of publication, distribution, etc 2003.
300 ## - PHYSICAL DESCRIPTION
Extent 484 p. :
Dimensions 23 cm.
650 ## - SUBJECT ADDED ENTRY--TOPICAL TERM
Topical term or geographic name as entry element American Literature
General subdivision West (U.S).
650 ## - SUBJECT ADDED ENTRY--TOPICAL TERM
Topical term or geographic name as entry element America Literature
General subdivision West (U.S)
-- History and Criticism.
942 ## - ADDED ENTRY ELEMENTS (KOHA)
Koha item type Books
Source of classification or shelving scheme Library of Congress Classification
Call number prefix Foreign
Holdings
Withdrawn status Lost status Source of classification or shelving scheme Damaged status Home library Current library Shelving location Date acquired Total Checkouts Full call number Barcode Date last seen Date checked out Copy number Price effective from Koha item type
    Library of Congress Classification   College Library College Library General Circulation Section 08/11/2006 1 PS 561 .L59 2003 C7422 05/15/2018 10/27/2017 1 03/10/2014 Books

Literature of the American West :

APA

Lyons G., . (2003). Literature of the American West. New York: Longman.

Chicago

Lyons Greg, . 2003. Literature of the American West. New York: Longman.

Harvard

Lyons G., . (2003). Literature of the American West. New York: Longman.

MLA

Lyons Greg, . Literature of the American West. New York: Longman. 2003.

  • Place hold
  • Print
  • Cite
  • Add to your cart (remove)
  • Save record
    BIBTEX Dublin Core MARCXML MARC (non-Unicode/MARC-8) MARC (Unicode/UTF-8) MARC (Unicode/UTF-8, Standard) MODS (XML) RIS
  • More searches
    Search for this title in:
    Other Libraries (WorldCat) Other Databases (Google Scholar) Online Stores (Bookfinder.com) Open Library (openlibrary.org)

Exporting to Dublin Core...

SOUTHVILLE LIBRARY

Southville International School and Colleges Library

1281 Tropical Ave. Cor. Luxembourg St., BF Homes International, Las Pinas City

Tel. No. 8256374 / 252358 Loc. 117/146

Powered by Koha